000 00643nam a2200229 a 4500
001 56484
003 BD-RjUL
005 20211209080413.0
008 161129r19631926nyua b 000 0 eng
035 _a(BD-RjUL)56608
040 _aDLC
_cDLC
_dBD-RjUL
_beng
041 _aeng
082 0 0 _a551.8
_223
_bDEA 1968
100 1 _aDennison, John M.
_9167989
245 1 0 _aAnalysis of geologic structures /
_c[by] John M. Dennison.
260 _aNew York :
_bNorton
_c1968
300 _axii, 209 p. :
_billus. ;
_c26 cm.
504 _aIncludes bibliographies.
650 0 _aGeology, Structural.
_9167990
942 _2ddc
_cBK
999 _c56484
_d56484